Gaming Quiz

Random Gaming or Mario Quiz
Score 0/20 Timer 07:00
0 Plays Today
Hint Answer % Correct
Main PlumberMario
100%
The Leftout BrotherLuigi
96.7%
The Green DinoYoshi
93.3%
Damsel in DistressPeach
90%
King KoopaBowser
90%
The Mushroom PersonToad
86.7%
The ApeDonkey Kong
86.7%
Little BowserBowser Jr
80%
Scary Ghost That No One LikesBoo
80%
Pink Dinosaur-Thing That Shoots EggsBirdo
76.7%
Hint Answer % Correct
Leader of the Boo'sKing Boo
76.7%
Yellow Caterpillar Wiggler
76.7%
Brown Little Blob That WalksGoomba
70%
Plants That Live in PipesPiranha Plant
63.3%
Greedy Little BuggerWario
63.3%
Partner In Greedy CrimeWaluigi
63.3%
The TomboyDaisy
60%
Similar to the Koopa KingKoopa Troopa
60%
Old Man With Vacuum E. Gadd
50%
Plant With Bathing SuitPetey Piranha
46.7%

You're not logged in!

Compare scores with friends on all Sporcle quizzes.
OR
Log In

Sporcle TV

Today on Sporcle TV


Watch our educational content, quiz creation guides, and fun videos on Sporcle TV.

Show Comments

Extras

Created Jan 28, 2017ReportNominate
Tags:Mario Quiz, Character

Top Quizzes Today


Score Distribution

Paid Content

Your Account Isn't Verified!

In order to create a playlist on Sporcle, you need to verify the email address you used during registration. Go to your Sporcle Settings to finish the process.

Report this User

Report this user for behavior that violates our Community Guidelines.

Details: